• 首页
  • 本馆介绍
  • 公告通知
  • 最新文献
  • 馆藏检索
  • 电子资源
  • 读者导购
  • 参考咨询
  • 我的图书馆
  • 登录
  • 详细信息显示
  • 放入我的书架
  • 预约/预借图书
  • 作者相关作品
  • 分类相关作品
  • 丛书相关作品
  • 出版社相关作品

书目信息

  • 表格格式
  • 工作单格式
  • 卡片格式
题名:
认物大全
    
 
作者: 车艳青 编
分册:  
出版信息: 北京   应急管理出版社  2019
页数: 237页
开本: 19cm
丛书名:
单 册:
中图分类: G613.3
科图分类:
主题词: 常识课--学前教育--儿童读物
电子资源:
ISBN: 978-7-5020-7616-0
000 00637nam0 2200229 450
001 0100107516
005 20220210122709.0
010    @a978-7-5020-7616-0@dCNY39.80
100    @a20211221d2019 bemy0chiy0120 ea
101 0  @achi
102    @aCN@b110000
105    @aa z 000yy
106    @ar
200 1  @a认物大全@9Ren Wu Da;Dai Quan @f车艳青编@b专著
210    @a北京@c应急管理出版社@d2019
215    @a237页@c彩图@d19cm
300    @a小熊乐童 童眼识天下
606 0  @a常识课@x学前教育@j儿童读物
690    @aG613.3@v5
701  0 @a车艳青@4编@9che yan qing
801    @aCN@baizhi@c20221003
905    @aBZT@dG613.3@e15@f1@sG613.3/15
    
    认物大全/车艳青编.-北京:应急管理出版社,2019
    237页:彩图;19cm
    小熊乐童 童眼识天下
    
    ISBN 978-7-5020-7616-0:CNY39.80
    
●
相关链接 在五车中查询图书 在当当中查询图书 在豆瓣中查询图书


正题名:认物大全     索取号:G613.3/15         预约/预借

序号 登录号 条形码 馆藏地/架位号 状态 备注
1 2000154077   2000154077   旧书回溯/ [索取号:G613.3/15] 在馆    
山东省滨州职业学院图书馆 欢迎您!
大连网信软件有限公司© 版权所有